Posúdenie vplyvu navrhovaných podzemných tesniacich stien na režim podzemných vôd
Gespeichert in:
| 1. Verfasser: | |
|---|---|
| Weitere Verfasser: | |
| Format: | Manuskript Buch |
| Sprache: | Slowakisch |
| Veröffentlicht: |
2017
|
| Schlagworte: | |
| Online-Zugang: | http://is.stuba.sk/zp/portal_zp.pl?podrobnosti=127713 https://opac.crzp.sk/?fn=detailBiblioForm&sid=CBCDB6E5622FB9C0D05D4028BE80 |
| Tags: |
Keine Tags, Fügen Sie das erste Tag hinzu!
|
MARC
| LEADER | 00000ntm a22000003a 4500 | ||
|---|---|---|---|
| 001 | stuzp61188 | ||
| 003 | SK-STU | ||
| 005 | 20230818131458.7 | ||
| 007 | ta | ||
| 008 | 150427s2015----xo-----f-mn---000-0-slo-d | ||
| 040 | |a STU |b slo | ||
| 041 | 0 | |a slo | |
| 100 | 1 | |a Šille, Andrej |u 010170 |4 aut |U SvF Stavebná fakulta |T SvF Katedra hydrotechniky |X 55382 |U V170 |Y 17 |7 55382 | |
| 242 | 0 | 1 | |a Assessment of the impact of proposed underground sealing walls on the groundwater regime |y eng |
| 245 | 1 | 0 | |a Posúdenie vplyvu navrhovaných podzemných tesniacich stien na režim podzemných vôd |
| 260 | |c 2017 | ||
| 650 | 4 | |a podzemná voda |2 slo | |
| 650 | 4 | |a ochranná hrádza |2 slo | |
| 650 | 4 | |a podzemná tesniaca stena |2 slo | |
| 650 | 4 | |a groundwater |2 eng | |
| 650 | 4 | |a protection dikes |2 eng | |
| 650 | 4 | |a underground sealing walls |2 eng | |
| 700 | 1 | |a Baroková, Dana |u 010170 |k Z1 |4 ths |U SvF Stavebná fakulta |T SvF Katedra hydrotechniky |X 2742 |U V170 |Y 17 |7 A000002742 | |
| 856 | 4 | |u http://is.stuba.sk/zp/portal_zp.pl?podrobnosti=127713 | |
| 856 | 4 | |u https://opac.crzp.sk/?fn=detailBiblioForm&sid=CBCDB6E5622FB9C0D05D4028BE80 | |